La integración laboral precaria de los migrantes mexicanos calificados en Estados Unidos al inicio del siglo XXI /
Gorde:
| Egile nagusia: | |
|---|---|
| Beste egile batzuk: | |
| Formatua: | Texto |
| Etiketak: |
Etiketa erantsi
Etiketarik gabe, Izan zaitez lehena erregistro honi etiketa jartzen!
|
MARC
| LEADER | 00000 a a2200000 04500 | ||
|---|---|---|---|
| 001 | 48735 | ||
| 003 | |||
| 040 | |||
| 100 | |a Calva-Sánchez, Luis Enrique | ||
| 245 | |a La integración laboral precaria de los migrantes mexicanos calificados en Estados Unidos al inicio del siglo XXI / |c Luis Enrique Calva-Sánchez, Rafael Alarcón | ||
| 700 | |a Alarcón, Rafael | ||
| 773 | |g volumen21, número83, (2015), páginas 9-39 : tablas, gráficos | ||
| 999 | |c 22907 |d 22907 | ||
